00723nam a22001697a 4500003000900000008004100009040007100050082002400121100002900145245005200174260006100226300002700287505014900314650002200463650002300485710004500508AR-CdUCM190401b ||||| |||| 00| 0 spa d aMUNICIPALIDAD PROVINCIAL DEL CUSCOcBIBLIOTECA MUNICIPAL DEL CUSCO a340.7 /bM77 / 1963 aMontoya Manfredi, Ulises aPrograma de derecho comercial :bprimer curso / aLima :bUniversidad Nacional Mayor de San Marcos,c1963. a18 páginas ;c20 cm. aContenido: Noción del comercio -- Concepto del derecho comercial -- Autonomía del derecho mercantil -- Las fuentes del derecho mercantil ... aDerecho comercial aDerecho financiero aUniversidad Nacional Mayor de San Marcos